| 000 | 01511nam a22002417a 4500 | ||
|---|---|---|---|
| 001 | 3712 | ||
| 003 | FISKH | ||
| 005 | 20240423143306.0 | ||
| 008 | 240423b cb ||||| |||| 00| 0 eng d | ||
| 040 |
_aFISK _beng _cFISK _dFISK |
||
| 050 | _aPS3515.E37 | ||
| 082 | _a813.52 | ||
| 100 |
_aHemingway Ernest _d1899-1961 |
||
| 245 |
_aFor whom the bell tolls / _cErnest Hemingway |
||
| 260 |
_aLondon : _bArcturus Publishing Limited, _c2019 |
||
| 300 |
_a495 pages : _c20 cm |
||
| 505 | _aO | ||
| 520 | _aIn 1937 Ernest Hemingway traveled to Spain to cover the civil war there for the North American Newspaper Alliance. Three years later he completed the greatest novel to emerge from "the good fight" and one of the foremost classics of war literature. For Whom the Bell Tolls tells of loyalty and courage, love and defeat, and the tragic death of an ideal. Robert Jordan, a young American in the International Brigades, is attached to an antifascist guerilla unit in the mountains of Spain. In his portrayal of Jordan's love for the beautiful Maria and his superb account of a guerilla leader's last stand, Hemingway creates a work at once rare and beautiful, strong and brutal, compassionate, moving, and wise. Greater in power, broader in scope, and more intensely emotional than any of the author's previous works, For Whom the Bell Tolls stands as one of the best war novels ever written. | ||
| 521 | 8 |
_a840 _bLexile |
|
| 700 | _aErnest Hemingway | ||
| 942 |
_2lcc _cBK _n0 |
||
| 999 |
_c3712 _d3712 |
||